Most Guessed Cities by State #3 - Statistics

General Stats
  • This quiz has been taken 24 times
  • The average score is 18 of 30
Answer Stats
Hint % Answer % Correct
Hawaii 100 Honolulu
96%
Nevada 100 Las Vegas
96%
Utah 100 Salt Lake City
96%
Virginia 96 Richmond
91%
Maine 86 Augusta
87%
Nevada 88 Carson City
87%
South Dakota 92 Pierre
87%
Maine 97 Portland
87%
Nevada 97 Reno
87%
South Dakota 96 Sioux Falls
87%
Virginia 89 Virginia Beach
87%
Nevada 83 Henderson
74%
Hawaii 76 Hilo
70%
Utah 79 Provo
70%
Nevada 78 North Las Vegas
61%
Hawaii 60 Pearl City
57%
Maine 84 Bangor
52%
Virginia 75 Norfolk
52%
Utah 61 Ogden
52%
Virginia 67 Alexandria
48%
Virginia 60 Newport News
48%
South Dakota 85 Rapid City
43%
Maine 63 Lewiston
39%
Utah 46 Orem
35%
South Dakota 64 Aberdeen
26%
Utah 52 St. George
26%
Maine 58 South Portland
17%
South Dakota 54 Brookings
13%
Hawaii 56 Kailua
13%
Hawaii 39 Kahului
9%
No matching quizzes found
Score Distribution
Percent of People with Each Score
Percentile by Number Answered
Your Score History
You have not taken this quiz